FORTRAN 77

Saved in:
Bibliographic Details
Main Author: Monro, Donald M.
Format: Book
Language:English
Published: London Arnold 1982
Tags: Add Tag
No Tags, Be the first to tag this record!

MARC

LEADER 00000nam a2200000 4500
001 c134938
005 20041019155302.7
041 0 |a eng 
044 |a GB 
245 1 0 |a FORTRAN 77  |c Donald M. Monro 
264 1 |a London  |b Arnold  |c 1982 
300 |a 360 s. 
100 1 |a Monro, Donald M.